[Event "Biel schev"]
[Site "Biel"]
[Date "1987.??.??"]
[Round "?"]
[White "Costa, Jean Luc"]
[Black "Polgar, Judit"]
[Result "0-1"]
[WhiteElo "2320"]
[BlackElo "2355"]

1.d4 Nf6 2.c4 c5 3.Nf3 cxd4 4.Nxd4 e5 5.Nb5 d5 6.cxd5 Bc5 7.N5c3 O-O 8.g3 Ng4
9.e3 f5 10.Bg2 f4 11.h3 Nxf2 12.Kxf2 fxe3+ 13.Ke1 Rf2 14.Rg1 Qf8 15.Qd3 Na6
16.a3 Bf5 17.Be4 Bxe4 18.Qxe4 Bd4 19.Bxe3 Nc5 20.Bxd4 exd4 21.Qxd4 Re8+ 22.Kd1 Qf3+  0-1

[Event "Biel schev"]
[Site "Biel"]
[Date "1987.??.??"]
[Round "?"]
[White "Polgar, Judit"]
[Black "Costa, Jean Luc"]
[Result "1-0"]
[WhiteElo "2355"]
[BlackElo "2320"]

1.e4 e5 2.f4 exf4 3.Bc4 Ne7 4.Nf3 d5 5.exd5 Nxd5 6.O-O Be6 7.Bxd5 Bxd5 8.d4 Nc6
9.Bxf4 Bxf3 10.Qxf3 Qxd4+ 11.Be3 Qd7 12.Nc3 Bd6 13.Rad1 O-O 14.Ne4 Ne5 15.Qg3 Qg4
16.Nxd6 Qxg3 17.hxg3 cxd6 18.b3 Rfd8 19.Rd5 f6 20.Rfd1 Nf7 21.c4 Kf8 22.a4 Ke7
23.Bc1 Kd7 24.Ba3 Kc6 25.c5 dxc5 26.Rxc5+ Kb6 27.Rdc1 Rd7 28.Bb4 a6 29.Be1 Rad8
30.Ba5+ Ka7 31.Bxd8 Rxd8 32.Rc7 Ng5 33.Rxg7 Rd3 34.b4 Rd4 35.Rb1 Rg4 36.Re7 Ne4
37.b5 axb5 38.axb5 Nc3 39.Rb3 Nd5 40.Re6 h5 41.Ra3+ Kb8 42.b6 Rg8 43.Rd3 Nb4
44.Rd7 h4 45.gxh4 Nd3 46.Rxd3 Rxg2+ 47.Kxg2  1-0

[Event "OHRA op"]
[Site "Brussels"]
[Date "1987.??.??"]
[Round "5"]
[White "Polgar, Judit"]
[Black "Fedorowicz, John P"]
[Result "1/2-1/2"]
[WhiteElo "2240"]
[BlackElo "2520"]

1.e4 c5 2.Nf3 e6 3.d4 cxd4 4.Nxd4 Nc6 5.Nb5 d6 6.Bf4 e5 7.Be3 a6 8.N5c3 Nf6
9.Na3 b5 10.Nd5 Rb8 11.Nxf6+ Qxf6 12.c4 b4 13.Nb1 Qg6 14.Nd2 Be7 15.h4 O-O
16.g3 f5 17.exf5 Bxf5 18.Bg2 Nd4 19.Bxd4 exd4 20.O-O Bxh4 21.Nf3 Bf6 22.Nxd4 Bd3
23.Ne6 Bxb2 24.Qd2 Bc3 25.Nxf8 Rxf8 26.Bd5+ Kh8 27.Qe3 Bxa1 28.Rxa1 a5 29.Rd1 Bc2
30.Rc1 a4 31.Qe7 Re8 32.Qd7 Rf8 33.Qe7 Re8 34.Qd7  1/2-1/2

[Event "Duncan Lawrie Women-Men"]
[Site "London"]
[Date "1988.10.25"]
[Round "4"]
[White "Polgar, Judit"]
[Black "Dunnington, Angus J"]
[Result "1-0"]
[WhiteElo "2365"]
[BlackElo "2280"]

1.e4 g6 2.d4 Bg7 3.Nc3 c6 4.Be3 d5 5.Qd2 dxe4 6.Nxe4 Nd7 7.O-O-O Ngf6 8.Nxf6+ Nxf6
9.Nf3 O-O 10.Ne5 Be6 11.Kb1 a5 12.h4 h5 13.f3 a4 14.a3 Qa5 15.Qxa5 Rxa5 16.Re1 Raa8
17.Bg5 Bf5 18.Rg1 Rad8 19.g4 hxg4 20.fxg4 Bc8 21.c3 Nd5 22.Bd2 Bf6 23.h5 Bxe5
24.Rxe5 b5 25.Bh6 Rfe8 26.Bd3 Kh7 27.hxg6+ fxg6 28.Rh1 Bxg4 29.Rg5  1-0

[Event "Hastings op8889"]
[Site "Hastings"]
[Date "1988.??.??"]
[Round "?"]
[White "Polgar, Judit"]
[Black "Flear, Glenn C"]
[Result "1-0"]
[WhiteElo "2320"]
[BlackElo "2460"]

1.e4 e5 2.f4 exf4 3.Bc4 Nf6 4.d3 d5 5.exd5 Nxd5 6.Nf3 Nb6 7.Bb3 Bd6 8.Qe2+ Qe7
9.Nc3 Bg4 10.Qxe7+ Kxe7 11.Ne4 Bxf3 12.gxf3 Nc6 13.Nxd6 cxd6 14.Bxf4 Nd4
15.Kf2 Nxb3 16.axb3 a6 17.Ra5 Kd7 18.b4 Rhe8 19.c4 Re6 20.b5 axb5 21.Rxb5 Kc6
22.Rc1 Ra2 23.Rb3 Nd7 24.d4 Rf6 25.Bg3 b6 26.Re1 d5 27.cxd5+ Kxd5 28.Re7 Kc4
29.Rc3+ Kb4 30.Rc2 Kb3 31.Rd2 Ra7 32.d5 b5 33.d6 Rf5 34.Rd3+ Kc2 35.Rc3+ Kxb2
36.Rc7  1-0

[Event "Hastings op8889"]
[Site "Hastings"]
[Date "1988.??.??"]
[Round "?"]
[White "Polgar, Judit"]
[Black "Franklin, Michael J"]
[Result "1-0"]
[WhiteElo "2320"]
[BlackElo "2295"]

1.e4 c5 2.Nf3 a6 3.Nc3 b5 4.d4 cxd4 5.Nxd4 Bb7 6.Bg5 Qc7 7.Bd3 e6 8.O-O Nc6
9.Nxc6 Qxc6 10.Qe2 Be7 11.Bxe7 Nxe7 12.Qg4 f5 13.exf5 exf5 14.Qh5+ g6 15.Qh3 O-O
16.a3 Rae8 17.Be2 Qf6 18.Qd3 Bc6 19.f4 Nc8 20.a4 Nb6 21.axb5 axb5 22.Nxb5 Nd5
23.Nd4 Ne3 24.Rf2 Bd5 25.Bf3 Qf7 26.Re1 Bc4 27.Qd2 Ng4 28.Rxe8 Rxe8 29.Bxg4 fxg4
30.b3 Bd5 31.c4 Ba8 32.f5 Qe7 33.fxg6 hxg6 34.Re2 Qf7 35.Rxe8+ Qxe8 36.Qe2  1-0

[Event "Hastings op8889"]
[Site "Hastings"]
[Date "1988.??.??"]
[Round "?"]
[White "Polgar, Judit"]
[Black "Sadler, Matthew"]
[Result "1-0"]
[WhiteElo "2320"]
[BlackElo "2385"]

1.e4 c5 2.Nf3 e6 3.d4 cxd4 4.Nxd4 a6 5.Bd3 Nf6 6.O-O d6 7.Be3 Be7 8.c4 O-O
9.Nc3 Qc7 10.Rc1 Nbd7 11.b3 b6 12.f3 Bb7 13.Qe1 Rfe8 14.Qf2 Rac8 15.Rfd1 Bf8
16.Bf1 Ba8 17.g4 g6 18.Nde2 Qb7 19.g5 Nh5 20.Ng3 Ng7 21.h4 Rb8 22.Be2 f5
23.h5 gxh5 24.Qh2 h4 25.Qxh4 Ne5 26.Nh5 Nxh5 27.Qxh5 Qg7 28.Bd4 f4 29.Kf2 Bc6
30.a4 Be7 31.Na2 a5 32.Bc3 Rbd8 33.Bd4 Rb8 34.Bc3 Qg6 35.Rh1 Rb7 36.Rcg1 Bd8
37.Nc1 Rf8 38.Nd3 Nxd3+ 39.Bxd3 e5 40.c5 bxc5 41.Bc4+ Kg7 42.Qh6+ Qxh6 43.Rxh6 Be7
44.Rgh1 Rh8 45.g6 Bg5 46.Rxh7+ Rxh7 47.Rxh7+ Kxg6 48.Rxb7 Bxb7 49.Bxa5 Kh5
50.Bc7 Bc8 51.a5 Kh4 52.a6 d5 53.a7  1-0

[Event "Hastings op8889"]
[Site "Hastings"]
[Date "1988.??.??"]
[Round "?"]
[White "Polgar, Judit"]
[Black "Wood, David A"]
[Result "1-0"]
[WhiteElo "2320"]
[BlackElo "2245"]

1.e4 e6 2.d4 d5 3.Nc3 Bb4 4.Ne2 dxe4 5.a3 Bxc3+ 6.Nxc3 Nc6 7.Bb5 Ne7 8.Bg5 f6
9.Be3 O-O 10.Qd2 f5 11.O-O-O a6 12.Bxc6 Nxc6 13.f3 exf3 14.gxf3 e5 15.d5 Nd4
16.Bxd4 exd4 17.Qxd4 Qd6 18.Rhg1 Rf7 19.Rg5 Bd7 20.Rdg1 Qh6 21.Kb1 Re8 22.f4 Rfe7
23.Ka2 Rf8 24.Nb1 Qf6 25.Qb4 b6 26.Nd2 Rff7 27.Nf3 Re4 28.Qd2 Rfe7 29.Ne5 Bb5
30.Kb1 R4xe5 31.fxe5 Qxe5 32.Rd1 h6 33.Rgg1 Qf6 34.Qf4 Re4 35.Qxc7  1-0

[Event "Reykjavik op"]
[Site "Reykjavik"]
[Date "1988.??.??"]
[Round "?"]
[White "Polgar, Judit"]
[Black "Bergsson, Snorri"]
[Result "1-0"]
[WhiteElo "2320"]
[BlackElo "2110"]

1.e4 c5 2.Nf3 Nc6 3.d4 cxd4 4.Nxd4 Nf6 5.Nc3 g6 6.Nxc6 bxc6 7.e5 Ng8 8.Bc4 Bg7
9.Qf3 f5 10.Bf4 e6 11.O-O-O Qc7 12.Qg3 Rb8 13.h4 Rb4 14.b3 Qa5 15.Nb1 Qxa2
16.Qd3 Ne7 17.Qd6 Rb7 18.Qc5 Bf8 19.Rd6 Nd5 20.Bxd5 Rb5 21.Rxe6+ dxe6 22.Bxc6+ Kf7
23.Qxb5 Ba3+ 24.Nxa3 Qxa3+ 25.Kb1 Rd8 26.Bc1  1-0

[Event "Thessaloniki ol (Women)"]
[Site "Thessaloniki"]
[Date "1988.??.??"]
[Round "?"]
[White "Lebel Arias, Julia"]
[Black "Polgar, Judit"]
[Result "0-1"]
[WhiteElo "2120"]
[BlackElo "2320"]

1.Nf3 c5 2.b3 Nc6 3.Bb2 d5 4.e3 a6 5.Be2 Nf6 6.d3 Qc7 7.Nbd2 e5 8.O-O Bd6
9.e4 d4 10.a4 b6 11.Nc4 Be7 12.Bc1 O-O 13.Bd2 Bb7 14.a5 b5 15.Nb6 Rad8 16.Ne1 Rfe8
17.g3 Nb8 18.f4 Nfd7 19.Nxd7 Nxd7 20.Nf3 exf4 21.Bxf4 Bd6 22.Nh4 Bxf4 23.gxf4 Kh8
24.Nf5 Nb8 25.Qe1 Nc6 26.Qg3 g6 27.Qh4 gxf5 28.Qf6+ Kg8 29.Qg5+ Kf8 30.Qh6+ Ke7
31.Qg5+ f6 32.Qg7+ Kd6 33.Qxf6+ Re6 34.e5+ Kd7 35.Qxf5 Ne7  0-1

[Event "Thessaloniki ol (Women)"]
[Site "Thessaloniki"]
[Date "1988.??.??"]
[Round "?"]
[White "Borisova, Borislava"]
[Black "Polgar, Judit"]
[Result "0-1"]
[WhiteElo "2210"]
[BlackElo "2320"]

1.Nf3 c5 2.g3 Nc6 3.Bg2 g6 4.O-O Bg7 5.c3 e5 6.d3 d5 7.Nbd2 Nge7 8.Nb3 b6
9.d4 e4 10.Ng5 cxd4 11.Nxd4 Nxd4 12.cxd4 Nf5 13.f3 e3 14.f4 O-O 15.Nf3 Ba6
16.Re1 Qe7 17.Qa4 Bb7 18.b3 Rfc8 19.Ba3 Qe6 20.Rac1 Bc6 21.Qa6 Nxd4 22.Nxd4 Bxd4
23.Qd3 Bf6 24.Rxc6 Rxc6 25.Bxd5 Qd7 26.Bxc6 Qxc6 27.Rc1 Qe6 28.Qd6 Qf5 29.Qc6 Rd8
30.Kg2 Kg7 31.Bb4 Rd5 32.Qc2 Qe6 33.Bc3 Rc5 34.Bxf6+ Qxf6 35.Qxc5 bxc5 36.Rxc5 Qa1
37.Re5 Qxa2 38.Rxe3 Qd2 39.Kf3 Qc1 40.h4 Qf1+ 41.Ke4 f5+ 42.Kd3 Qd1+ 43.Kc3 a5
44.Kc4 Qd2 45.Re7+ Kh6 46.Rb7 Qc2+  0-1

[Event "Zalakaros op"]
[Site "Zalakaros"]
[Date "1988.??.??"]
[Round "4"]
[White "Nemeth, Maria"]
[Black "Polgar, Judit"]
[Result "0-1"]
[WhiteElo "2115"]
[BlackElo "2320"]

1.d4 Nf6 2.c4 c5 3.d5 b5 4.Nf3 g6 5.cxb5 a6 6.e3 Bg7 7.Nc3 Bb7 8.a4 O-O 9.e4 e6
10.bxa6 Nxa6 11.Be2 exd5 12.exd5 Nb4 13.d6 Ne4 14.Ra3 Nxd6 15.Bg5 Qe8 16.O-O Qe6
17.Be3 Ra5 18.Qc1 Bxf3 19.Bxf3 Nc4 20.Rd1 Nxa3 21.bxa3 Nc6 22.Bd5 Qe5 23.Nb5 Nd4
24.Qxc5 Ne2+ 25.Kf1 Nc3 26.Qxc3 Qxc3 27.Nxc3 Bxc3 28.Bb7 Rxa4 29.g3 Rd8 30.Bb6 Re8
31.Rxd7 Re6 32.Bc5 h5 33.Bd5 Rf6 34.Rd8+ Kg7 35.Bf8+ Kh7 36.Bc5 Bd4 37.Bxd4 Rxd4
38.Rd7 Kg7 39.Bc6 Rc4 40.Bb5 Rc1+  0-1

[Event "Zalakaros op"]
[Site "Zalakaros"]
[Date "1988.??.??"]
[Round "7"]
[White "Feher, Gyula"]
[Black "Polgar, Judit"]
[Result "1/2-1/2"]
[WhiteElo "2325"]
[BlackElo "2320"]

1.e4 c5 2.Nf3 e6 3.d4 cxd4 4.Nxd4 Nf6 5.Nc3 d6 6.f4 Nc6 7.Be3 Be7 8.Qf3 e5
9.Nxc6 bxc6 10.f5 Qa5 11.O-O-O Rb8 12.Bc4 O-O 13.Bb3 Rb4 14.Kb1 d5 15.exd5 e4
16.Qf4 c5 17.d6 Bd8 18.a3 Rb7 19.Nd5 c4 20.Bxc4 Qxa3 21.Ne7+ Bxe7 22.Bb3 Qa5
23.dxe7 Rxe7 24.g4 h6 25.Rd6 Qc7 26.Rhd1 Ne8 27.R6d2 Nf6 28.h3 Qxf4 29.Bxf4 e3
30.Re2 Re4 31.Bc7 Ba6 32.Ree1 Rc8 33.Ba5 e2 34.Rd6 Bb5 35.Rd2 Kf8 36.Bc3 Ke7
37.Rd4 Rd8 38.Rxd8 Kxd8 39.Ba5+ Ke8 40.c4 Bc6 41.Bc2 Rxc4 42.Rxe2+ Kf8 43.Bc3 Nd5
44.Be5 Nb4 45.Bc3 Nd5  1/2-1/2

[Event "FRG-CupT"]
[Site "Germany"]
[Date "1989.??.??"]
[Round "1.1"]
[White "Polgar, Judit"]
[Black "Reeh, Oliver"]
[Result "0-1"]
[WhiteElo "2555"]
[BlackElo "2440"]

1.e4 c5 2.Nf3 d6 3.d4 cxd4 4.Nxd4 Nf6 5.Nc3 Nc6 6.Bc4 e6 7.Be3 Bd7 8.Qe2 Rc8
9.Bb3 Na5 10.O-O Be7 11.Rad1 O-O 12.Ndb5 Nxb3 13.axb3 Bxb5 14.Qxb5 b6 15.e5 Ne8
16.f4 Qc7 17.f5 d5 18.Bd4 Bc5 19.Qe2 Bxd4+ 20.Rxd4 exf5 21.Rxf5 Qc5 22.Qf2 Nc7
23.b4 Qc6 24.Rd2 Rcd8 25.Qf3 Qc4 26.b3 Qxb4 27.Rf2 d4 28.Ne2 d3 29.cxd3 Qxb3
30.Nf4 Ne6 31.Nxe6 Qxe6 32.h4 Rd7 33.Qg3 Rfd8 34.R2f3 Qb3 35.h5 Rxd3 36.h6 g6
37.e6 Rd1+ 38.Kh2 Qxe6 39.Rxf7 Qxf7 40.Rxf7 Kxf7 41.Qe5 R8d7  0-1

[Event "EU-chT"]
[Site "Haifa"]
[Date "1989.??.??"]
[Round "4"]
[White "Wojtkiewicz, Aleksander"]
[Black "Polgar, Judit"]
[Result "1-0"]
[WhiteElo "2475"]
[BlackElo "2555"]

1.Nf3 Nf6 2.c4 c5 3.g3 Nc6 4.Bg2 g6 5.Nc3 Bg7 6.O-O O-O 7.d4 d6 8.d5 Na5
9.Nd2 e5 10.Qc2 a6 11.b3 Rb8 12.Bb2 b5 13.Rae1 Nh5 14.Nd1 f5 15.f4 exf4 16.Bxg7 Nxg7
17.gxf4 bxc4 18.bxc4 Bd7 19.Qc3 Qb6 20.e4 Qb4 21.Qd3 fxe4 22.Bxe4 Bh3 23.Rf2 Bf5
24.Nc3 Rbe8 25.Rfe2 Nh5 26.Rf1 Bg4 27.Ref2 Nf6 28.Bxg6 hxg6 29.Qxg6+ Kh8
30.Nde4 Bc8 31.Rg2  1-0

[Event "New York op"]
[Site "New York"]
[Date "1989.??.??"]
[Round "1"]
[White "Polgar, Judit"]
[Black "De la Villa Garcia, Jesus Maria"]
[Result "1-0"]
[WhiteElo "2555"]
[BlackElo "2430"]

1.e4 e6 2.d4 d5 3.Nc3 Bb4 4.Ne2 Nc6 5.a3 Ba5 6.Be3 Nf6 7.e5 Ng4 8.Bf4 f6
9.Ng3 Nxf2 10.Kxf2 Bb6 11.Ke1 Bxd4 12.Bb5 O-O 13.exf6 Qxf6 14.Rf1 Bxc3+ 15.bxc3 Qxc3+
16.Bd2 Qe5+ 17.Be2 Bd7 18.Rb1 b6 19.Rb3 Rxf1+ 20.Kxf1 Nd4 21.Re3 Rf8+ 22.Kg1 Qf4
23.Kh1 Qf2 24.Bd3 Ba4 25.Re1 Qf7 26.Qg4 c5 27.c3 Nb3 28.Bh6 c4 29.Rf1 Qe7
30.Rxf8+ Qxf8 31.Qxe6+ Kh8 32.Nf5 cxd3 33.Qe5 d2 34.Bxg7+ Kg8 35.Nh6+  1-0

[Event "New York op"]
[Site "New York"]
[Date "1989.??.??"]
[Round "2"]
[White "Dizdar, Goran"]
[Black "Polgar, Judit"]
[Result "1/2-1/2"]
[WhiteElo "2505"]
[BlackElo "2555"]

1.Nf3 c5 2.g3 Nc6 3.Bg2 d5 4.O-O e6 5.b3 Bd6 6.e3 Nf6 7.Bb2 O-O 8.d4 b5 9.dxc5 Bxc5
10.Nbd2 a5 11.c4 bxc4 12.bxc4 Ba6 13.Qa4 Nb4 14.Ne5 Rc8 15.Rfd1 Qb6 16.a3 Nc6
17.Nxc6 Qxb2 18.Nb3 Ng4 19.Rd2 Qf6 20.Rc1 Bxa3 21.Qxa3 Rxc6 22.Nxa5  1/2-1/2

[Event "New York op"]
[Site "New York"]
[Date "1989.??.??"]
[Round "4"]
[White "Fishbein, Alexander"]
[Black "Polgar, Judit"]
[Result "1-0"]
[WhiteElo "2490"]
[BlackElo "2555"]

1.e4 c5 2.Nf3 e6 3.d4 cxd4 4.Nxd4 Nc6 5.Nb5 d6 6.Bf4 e5 7.Be3 Nf6 8.Bg5 a6
9.Bxf6 gxf6 10.N5c3 f5 11.Bc4 Qg5 12.O-O Rg8 13.g3 f4 14.Nd5 Rb8 15.Nbc3 Nd4
16.Kh1 b5 17.Be2 b4 18.Nc7+ Kd8 19.N3d5 Qg6 20.Qd3 f5 21.Nxa6 Rb5 22.a4 Ra5
23.Qc4 Qf7 24.Qxb4 Rxd5 25.Qb6+ Ke7 26.Qc7+ Bd7 27.Nb8 Rc5 28.Qxd7+ Kf6 29.Qxf7+ Kxf7
30.Bh5+ Ke7 31.exf5 Rxc2 32.a5 Bh6 33.Na6 Nxf5 34.Nb4 Rxb2 35.Nd5+ Ke6 36.a6 Rgb8
37.Bf3 Nd4 38.Be4 Re2 39.a7 Rf8 40.Nc3 Rxe4 41.Nxe4 Ra8 42.Rfb1 Nc6 43.Rb6  1-0

[Event "New York op"]
[Site "New York"]
[Date "1989.??.??"]
[Round "6"]
[White "Zapata, Alonso"]
[Black "Polgar, Judit"]
[Result "0-1"]
[WhiteElo "2490"]
[BlackElo "2555"]

1.e4 c5 2.Nf3 e6 3.d4 cxd4 4.Nxd4 Nf6 5.Nc3 d6 6.Bd3 Be7 7.O-O O-O 8.Qe2 Nc6
9.Nb3 a6 10.f4 Qc7 11.Bd2 b5 12.Rae1 b4 13.Nd1 e5 14.Ne3 exf4 15.Rxf4 a5
16.Kh1 Rb8 17.c3 Qa7 18.Nd5 Nxd5 19.exd5 Ne5 20.cxb4 axb4 21.Bb1 Qa4 22.Nd4 Bg5
23.Rff1 Bxd2 24.Qxd2 Qa8 25.Nc6 Nxc6 26.Qc2 g6 27.dxc6 Rb5 28.Re7 Rf5 29.Rfe1 Rc5
30.Qd2 Qxc6 31.Qxb4 Be6 32.Qf4 Re5 33.Rg1 Qb5 34.b3 Bxb3 35.Qf6 Be6 36.h3 Re2
37.Qd4 Qe5 38.Qxe5 dxe5 39.Rd1 Rb8 40.Bd3 Rxa2 41.Be4 Rbb2 42.Rc7 Kg7 43.Rc5 Re2
44.Bf3 Re3 45.Bc6 h5 46.Rf1 g5 47.Bd5 Bxd5 48.Rxd5 Ree2 49.Rf5 Rxg2 50.Rdxe5 f6
51.Re6 Rgf2 52.Ra6 Rxa6 53.Rxf2 Kg6 54.Kg2 f5 55.Rb2 h4 56.Rb4 Kf6 57.Rc4 Ra2+
58.Kg1 Rd2 59.Rc5 g4 60.hxg4 fxg4 61.Rh5 h3 62.Kh1 Kg6 63.Rh8 Kg5 64.Kg1 Kf4
65.Rf8+ Kg3 66.Rf1 Kh4 67.Ra1 g3 68.Kh1 Kg5 69.Kg1 Kf4 70.Rf1+ Ke3 71.Re1+ Kd3  0-1

[Event "New York op"]
[Site "New York"]
[Date "1989.??.??"]
[Round "9"]
[White "Polgar, Judit"]
[Black "Dzindzichashvili, Roman"]
[Result "1/2-1/2"]
[WhiteElo "2555"]
[BlackElo "2540"]

1.e4 d5 2.exd5 Nf6 3.d4 Nxd5 4.Nf3 Bg4 5.Be2 Nc6 6.c4 Nb6 7.d5 Bxf3 8.gxf3 Ne5
9.f4 Ned7 10.b3 e6 11.dxe6 Bb4+ 12.Bd2 Bxd2+ 13.Qxd2 fxe6 14.Bh5+ g6 15.Bf3 Qf6
16.Qc3 O-O-O 17.Qxf6 Nxf6 18.Ke2 e5 19.fxe5 Rhe8 20.Rd1 Nbd7 21.Nc3 Nxe5
22.Rxd8+ Rxd8 23.Ne4 Rf8 24.Nxf6 Rxf6 25.Be4 c6 26.f3 Rf4 27.Rg1 Rh4 28.Rg2 Kd7
29.c5 a5 30.a3 Ke6 31.b4 Nd7 32.Ke3 axb4 33.axb4 Nf6 34.Kd4 Nd5 35.Rb2 Nc7
36.Kc4 g5 37.Rd2 Nb5 38.Rd8 g4 39.fxg4 Rxg4 40.Kd3 Rh4 41.Re8+ Kf6 42.Rf8+ Ke5
43.Re8+ Kf6 44.Rf8+  1/2-1/2

[Event "Salamanca"]
[Site "Salamanca"]
[Date "1989.??.??"]
[Round "?"]
[White "Giorgadze, Tamaz"]
[Black "Polgar, Judit"]
[Result "1/2-1/2"]
[WhiteElo "2510"]
[BlackElo "2555"]

1.d4 Nf6 2.c4 c5 3.d5 b5 4.cxb5 a6 5.e3 Bb7 6.Nc3 Qa5 7.Bd2 axb5 8.Bxb5 Qb6
9.Nf3 Nxd5 10.Nxd5 Bxd5 11.a4 e6 12.Bc3 Bc6 13.Be2 d5 14.Ne5 Bd6 15.O-O O-O
16.Nc4 Qc7 17.Nxd6 Qxd6 18.Qc2 e5 19.Rfc1 Rc8 20.Be1 Nd7 21.b4 cxb4 22.Bb5 Bb7
23.Qb3 Nc5 24.Qxb4 d4 25.exd4 Qd5 26.Bf1 exd4 27.Rd1 d3 28.Bd2 Ra6 29.Bf4 Rg6
30.Bg3 h5 31.h3 Re6 32.f3 Rf6 33.Rd2 Rg6 34.Bf2 Na6 35.Qf4 Rc3 36.Rad1 Nc5
37.Kh1 Ba6 38.Bxc5 Qxc5 39.Bxd3 Bxd3 40.Rxd3 Rxd3 41.Rxd3 Qf2 42.Rd2 Qe1+
43.Kh2 h4 44.Rd8+ Kh7 45.Rd4 Rxg2+ 46.Kxg2 Qe2+ 47.Kg1 Qe1+  1/2-1/2

[Event "Salamanca"]
[Site "Salamanca"]
[Date "1989.??.??"]
[Round "?"]
[White "Polgar, Judit"]
[Black "Rivas Pastor, Manuel"]
[Result "1-0"]
[WhiteElo "2555"]
[BlackElo "2505"]

1.e4 e6 2.d4 d5 3.Nc3 Bb4 4.exd5 exd5 5.Bd3 Nf6 6.Ne2 h6 7.Be3 c6 8.Qd2 a5
9.a3 Be7 10.f3 Na6 11.g4 Nh7 12.Ng3 Ng5 13.Qe2 b5 14.f4 Nh7 15.g5 hxg5 16.fxg5 g6
17.h4 b4 18.Na4 bxa3 19.bxa3 Nf8 20.Bf4 Ne6 21.Be5 Rg8 22.O-O Ra7 23.c4 Bd6
24.cxd5 Bxe5 25.Qxe5 Qxd5 26.Ne4 Qxe5 27.dxe5 Kd8 28.Rad1 Nb8 29.Bc4+ Bd7
30.Rxf7 Re8 31.Nb6 Rb7 32.Nxd7 Rxd7 33.Rfxd7+  1-0

[Event "Vejstrup"]
[Site "Vejstrup"]
[Date "1989.??.??"]
[Round "?"]
[White "Polgar, Judit"]
[Black "Mortensen, Erling"]
[Result "1-0"]
[WhiteElo "2555"]
[BlackElo "2475"]

1.e4 e5 2.Nf3 Nc6 3.Bb5 Nf6 4.O-O Nxe4 5.d4 Nd6 6.Bxc6 dxc6 7.dxe5 Ne4 8.Qe2 Bf5
9.Rd1 Qc8 10.g4 Bg6 11.Nh4 Nc5 12.b4 Na6 13.Bg5 Qe6 14.f4 f5 15.a3 h6 16.Bf6 gxf6
17.gxf5 Bxf5 18.Qh5+ Qf7 19.Qxf5 Rg8+ 20.Kh1 fxe5 21.Qxe5+ Qe7 22.Qf5 Qf7
23.Re1+ Be7 24.Nd2 Kf8 25.Qxf7+ Kxf7 26.Nf5 Bf8 27.Ne4 Re8 28.Neg3 Rxe1+
29.Rxe1 Nb8 30.Rd1 Ke8 31.Ne4 Rg6 32.Nfg3 Nd7 33.f5 Rg7 34.c4 Re7 35.Kg2 Kf7
36.f6 Nxf6 37.Nxf6 Kxf6 38.Rf1+ Kg6 39.Rxf8 Re3 40.Rf3  1-0

[Event "Vejstrup"]
[Site "Vejstrup"]
[Date "1989.??.??"]
[Round "?"]
[White "Schandorff, Lars"]
[Black "Polgar, Judit"]
[Result "1-0"]
[WhiteElo "2455"]
[BlackElo "2555"]

1.d4 Nf6 2.Nf3 g6 3.c4 c5 4.Nc3 cxd4 5.Nxd4 Nc6 6.g3 d6 7.Bg2 Bd7 8.b3 Bg7
9.Bb2 O-O 10.O-O a6 11.Nc2 Qa5 12.Ne3 Rfc8 13.Qd2 Rab8 14.Rfd1 b5 15.Ncd5 Nxd5
16.cxd5 Qxd2 17.Rxd2 Bxb2 18.Rxb2 Na7 19.a3 Rc3 20.Rc2 Rxc2 21.Nxc2 Rc8 22.Nd4 Kf8
23.f4 e5 24.dxe6 fxe6 25.Bb7 Rc3 26.Bxa6 e5 27.fxe5 dxe5 28.Nf3 Rxb3 29.Nxe5 Be6
30.Kf2 Ke7 31.Bb7 Kd6 32.Nd3 Bc4 33.Ke3 Kc7 34.Bf3 Kb6 35.Kd4 Nc8 36.Nc1 Rxf3
37.exf3 Nd6 38.Nd3 Nf5+ 39.Kc3 Ne3 40.Nb4 Kc5 41.Re1  1-0

[Event "OHRA-B"]
[Site "Amsterdam"]
[Date "1990.??.??"]
[Round "1"]
[White "Polgar, Sofia"]
[Black "Polgar, Judit"]
[Result "1/2-1/2"]
[WhiteElo "2425"]
[BlackElo "2540"]

1.e4 e6 2.d4 d5 3.exd5 exd5 4.Bd3 Bd6 5.Ne2 Ne7 6.O-O O-O 7.Bf4 Bxf4 8.Nxf4 Bf5
9.Nc3 c6 10.Bxf5 Nxf5 11.Qd3 Qg5 12.Nce2 Nd7 13.Ng3 Qxf4 14.Qxf5 Qxf5 15.Nxf5 Rfe8  1/2-1/2

[Event "OHRA-B"]
[Site "Amsterdam"]
[Date "1990.??.??"]
[Round "3"]
[White "Bertholee, Rob"]
[Black "Polgar, Judit"]
[Result "0-1"]
[WhiteElo "2360"]
[BlackElo "2540"]

1.c4 c5 2.Nc3 Nc6 3.Nf3 e5 4.e3 Nf6 5.d4 cxd4 6.exd4 e4 7.Ne5 Bb4 8.Be2 Qa5
9.Nxc6 dxc6 10.O-O Bxc3 11.bxc3 Qxc3 12.Rb1 O-O 13.Rb3 Qa5 14.Rg3 Bf5 15.h4 e3
16.Rxe3 Rfe8 17.Qb3 Qc7 18.h5 Bg4 19.Bxg4 Rxe3 20.Qxe3 Nxg4 21.Qf4 Qxf4 22.Bxf4 Rd8
23.Rd1 h6 24.f3 Nf6 25.g4 b5 26.cxb5 cxb5 27.Be5 Nd5 28.Rc1 f6 29.Bg3 b4
30.Rc5 Nc3 31.a3 Ne2+ 32.Kf2 Nxg3 33.Kxg3 Rxd4 34.Ra5 b3 35.Rxa7 Rb4 36.axb4 b2
37.Ra5 b1=Q 38.Rf5 Qxb4 39.Kg2 Kf7 40.Kf2 Ke6 41.Kg2 Qb2+ 42.Kg3 Qb1 43.Rf4 Qb8  0-1

[Event "OHRA-B"]
[Site "Amsterdam"]
[Date "1990.??.??"]
[Round "4"]
[White "Polgar, Judit"]
[Black "Visser, Yge"]
[Result "1-0"]
[WhiteElo "2540"]
[BlackElo "2340"]

1.e4 Nf6 2.e5 Nd5 3.d4 d6 4.Nf3 dxe5 5.Nxe5 g6 6.Be2 Bg7 7.O-O Nd7 8.Nf3 c6
9.c4 N5f6 10.Nc3 O-O 11.h3 Nb6 12.a4 Bf5 13.Bf4 Nc8 14.Qb3 Nd6 15.a5 Qc8
16.Ne5 Nd7 17.g4 Be6 18.Nxd7 Bxd7 19.c5 Nb5 20.Nxb5 cxb5 21.Rfd1 a6 22.Bf3 e6
23.Bd6 Re8 24.d5 exd5 25.Bxd5 Be6 26.Rd2 Qd7 27.Rad1 Rac8 28.Qf3 Bxd5 29.Rxd5 Qe6
30.b4 Qe2 31.Qxe2 Rxe2 32.Bg3 Bc3 33.Rd8+ Rxd8 34.Rxd8+ Kg7 35.Bd6 Kf6 36.Rd7 Bxb4
37.c6 bxc6 38.Bxb4 Rc2 39.Ra7 c5 40.Rc7 c4 41.Rc6+ Ke5 42.Rxa6 Rc1+ 43.Kg2 Rb1
44.Bc3+ Kd5 45.Rb6 Kc5 46.Rb8 Rb3 47.Bg7 Kc6 48.Rb6+  1-0

[Event "OHRA-B"]
[Site "Amsterdam"]
[Date "1990.??.??"]
[Round "6"]
[White "Polgar, Judit"]
[Black "Uhlmann, Wolfgang"]
[Result "1-0"]
[WhiteElo "2540"]
[BlackElo "2505"]

1.e4 e6 2.d4 d5 3.Nc3 Bb4 4.e5 Ne7 5.a3 Bxc3+ 6.bxc3 c5 7.Qg4 O-O 8.Bd3 f5
9.exf6 Rxf6 10.Bg5 Rf7 11.Qh5 h6 12.Bg6 Rf8 13.Nf3 Nbc6 14.O-O Qc7 15.Bxe7 Qxe7
16.Rae1 Qf6 17.Ne5 cxd4 18.f4 dxc3 19.g4 Qe7 20.Bd3 Qe8 21.Ng6 Bd7 22.g5 Rf7
23.gxh6 gxh6 24.Kh1 Ne7 25.Rg1 Nf5 26.Ne7+ Kf8 27.Nxf5 Rf6 28.Qg4 Qf7 29.Nd6 Rxf4
30.Nxf7 Rxg4 31.Rxg4 Kxf7 32.Rh4 Rh8 33.Kg2 Kf6 34.Rh5 Ke7 35.Kf2 Kd6 36.Re3 Be8
37.Rhe5 Rf8+ 38.Ke1 Rf6 39.Re2 Bc6 40.R5e3 d4 41.Rg3 e5 42.Rg6 Rxg6 43.Bxg6 b5
44.Be4 Bd5 45.Bxd5 Kxd5 46.Rf2 a5 47.Rf8 b4 48.axb4 axb4 49.Rc8 h5 50.Ke2 h4
51.Rc7 h3 52.Rc8 e4 53.Rc7  1-0

[Event "OHRA-B"]
[Site "Amsterdam"]
[Date "1990.??.??"]
[Round "7"]
[White "Polgar, Judit"]
[Black "Fedorowicz, John P"]
[Result "1-0"]
[WhiteElo "2540"]
[BlackElo "2565"]

1.e4 c5 2.Nf3 d6 3.d4 cxd4 4.Nxd4 Nf6 5.Nc3 Nc6 6.Bc4 Qb6 7.Nb3 e6 8.Be3 Qc7
9.Qe2 a6 10.Bd3 b5 11.f4 Be7 12.a4 b4 13.Nb1 e5 14.f5 Bb7 15.N1d2 Nb8 16.g4 d5
17.g5 dxe4 18.Bc4 Nd5 19.f6 gxf6 20.gxf6 Bf8 21.O-O-O Nd7 22.Nxe4 N7b6 23.Bxb6 Nxb6
24.Na5 Nxc4 25.Nxc4 Bh6+ 26.Kb1 Kf8 27.Rhg1 b3 28.cxb3  1-0

[Event "OHRA-B"]
[Site "Amsterdam"]
[Date "1990.??.??"]
[Round "9"]
[White "Brenninkmeijer, Joris"]
[Black "Polgar, Judit"]
[Result "0-1"]
[WhiteElo "2510"]
[BlackElo "2540"]

1.d4 d5 2.c4 dxc4 3.e4 c5 4.d5 Nf6 5.Nc3 e6 6.Bxc4 exd5 7.Nxd5 Nxd5 8.Bxd5 Be7
9.Nf3 O-O 10.O-O Qb6 11.Be3 Nc6 12.Rc1 Be6 13.Bxe6 fxe6 14.Qe2 Qb4 15.Qc2 Rac8
16.a3 Qb5 17.Qb1 Na5 18.Rc3 Nb3 19.e5 c4 20.Qe4 a5 21.Qg4 Qd5 22.Ng5 Rc6
23.Rd1 Qxe5 24.Rxc4 Bxg5 25.Bxg5 h5 26.Qe4 Qxb2 27.f4 Nd2 28.Rxd2 Qxd2 29.Rxc6 Qd1+
30.Kf2 bxc6 31.Qxe6+ Kh8 32.h3 Rb8 33.Qxc6 Qd3 34.Qf3 Rb2+ 35.Kg3 Rb3 36.Qxd3 Rxd3+
37.Kh4 Rxa3  0-1

[Event "Dortmund-B"]
[Site "Dortmund"]
[Date "1990.??.??"]
[Round "?"]
[White "Polgar, Judit"]
[Black "Knaak, Rainer"]
[Result "1/2-1/2"]
[WhiteElo "2550"]
[BlackElo "2500"]

1.e4 e6 2.d4 d5 3.Nc3 Nf6 4.Bg5 Bb4 5.e5 h6 6.Bd2 Bxc3 7.bxc3 Ne4 8.Qg4 g6
9.Bd3 Nxd2 10.Kxd2 c5 11.Nf3 Nc6 12.Rhb1 Qc7 13.Qf4 cxd4 14.cxd4 f5 15.h4 Bd7
16.a4 O-O-O 17.Ke2 Kb8 18.Ra3 Rdg8 19.Rh1 Qd8 20.Qd2 g5 21.Qc3 gxh4 22.a5 Rxg2
23.Rb1 Ka8 24.Rab3 Nxa5 25.Ra3 Nc4 26.Bxc4 dxc4 27.d5 Rg4 28.Qb4 Bc8 29.d6 b6
30.Nd2 Kb8 31.Nxc4 Rh7 32.Qc3 Rb7 33.Rab3 Rgg7 34.Qf3 Qg5 35.Ne3 f4 36.Nc4 Qf5
37.Rc3 h3 38.Qxh3 Qe4+ 39.Kd2 Qd4+ 40.Kc1 b5 41.Na5 Bd7 42.Nxb7 b4 43.Rxb4 Qxb4
44.Nc5 Rg1+ 45.Kd2 Qd4+ 46.Nd3 Rd1+ 47.Kxd1 Qxc3 48.Qxh6 Ba4 49.Qh8+ Kb7
50.Qh7+ Ka6 51.Ne1 Qa1+ 52.Kd2 Qxe5 53.d7 Qa5+ 54.c3 Qd8 55.Nd3 Kb6 56.Ne5 Kc7
57.Qe4 Bxd7 58.Qxf4 Bb5+ 59.Kc1 Qd6 60.c4 Ba4  1/2-1/2